000 00577nam a2200205Ia 4500
003 GCL
008 140319s9999 xx 000 0 ara d
040 _aGCL /
_cGCL
082 0 4 _a581.5
_bا ع
100 1 _aاحمد محمد مجاهد
245 1 0 _aعلم البيئة النباتية /
_cاحمد محمد مجاهد
700 1 _aعبدالرحمن امين
700 1 _aاحمد البازيونى
300 _a390 ص
490 _a
650 0 4 _aالتربة
650 0 4 _aالبيئة الزراعية
650 0 4 _aالنبات، علم
942 _2ddc
_cBK
999 _c45309
_d45309